00347nam a2200121Ia 4500003000400000005001700004008004100021040001800062041000800080100004200088245006200130260003300192OSt20260123094841.0211028s2016 xx 000 0 und d cAIMIT LIBRARY aeng aRai, Ashika S; Thomas, Babu.g1416022 aStudy on evaluation of logistic and distribution in MCF / aMangalorebBabu Thomasc2016